| 000 | 00883cam a2200253 a 4500 | ||
|---|---|---|---|
| 999 |
_c4667 _d4667 |
||
| 003 | ALUPE UNIVERSITY | ||
| 005 | 20220325115949.0 | ||
| 008 | 900627s1990 enk 000 0 eng d | ||
| 020 | _a0340526785 | ||
| 040 | _cALUPE UNIVERSITY | ||
| 050 | 0 |
_aRC607 _b.C37 1990 |
|
| 080 | _a616.97 | ||
| 092 | _aD0400693135 | ||
| 245 | 0 | 0 |
_aCaring for someone with AIDS / _cedited by David Yelding |
| 260 |
_aLondon : _bPublished for the Research Institute for Consumer Affairs by Consumers' Association and Hodder & Stoughton, _cc1990. |
||
| 300 |
_a312 p ; _c21 cm |
||
| 504 | _aBibliography: p289-290. - Includes index | ||
| 650 | 0 |
_aAIDS (Disease) _xPatients |
|
| 700 | 1 | _aYelding, David. | |
| 710 | 2 | _aConsumers' Association. | |
| 710 | 2 | _aResearch Institute for Consumer Affairs (London, England) | |
| 942 |
_2lcc _cBK |
||